Der anwalt / (Record no. 8769)

MARC details
000 -LEADER
fixed length control field 00882nam a22002417a 4500
001 - CONTROL NUMBER
control field 8769
003 - CONTROL NUMBER IDENTIFIER
control field FISKH
005 - DATE AND TIME OF LATEST TRANSACTION
control field 20251020084006.0
008 - FIXED-LENGTH DATA ELEMENTS--GENERAL INFORMATION
fixed length control field 251020b cb ||||| |||| 00| 0 eng d
020 ## - INTERNATIONAL STANDARD BOOK NUMBER
International Standard Book Number 9783453435377
040 ## - CATALOGING SOURCE
Original cataloging agency FISKH
Language of cataloging eng
Transcribing agency FISKH
Modifying agency FISKH
050 ## - LIBRARY OF CONGRESS CALL NUMBER
Classification number PS3557.R5355 A88
082 ## - DEWEY DECIMAL CLASSIFICATION NUMBER
Classification number 813.54
100 ## - MAIN ENTRY--PERSONAL NAME
Personal name Grisham, John
245 ## - TITLE STATEMENT
Title Der anwalt /
Statement of responsibility, etc. John Grisham
250 ## - EDITION STATEMENT
Edition statement This edition published in 2011
260 ## - PUBLICATION, DISTRIBUTION, ETC.
Place of publication, distribution, etc. Munchen :
Name of publisher, distributor, etc. Wilhelm Heyne Verlag,
Date of publication, distribution, etc. 2009
300 ## - PHYSICAL DESCRIPTION
Extent 447, 16 pages :
Dimensions 19 cm
520 ## - SUMMARY, ETC.
Summary, etc. Three months after leaving Yale, Kyle McAvoy becomes an associate at the largest law firm in the world, where, in addition to practicing law, he is expected to lie, steal, and take part in a scheme that could send him to prison, if not get him killed.
650 ## - SUBJECT ADDED ENTRY--TOPICAL TERM
Topical term or geographic name entry element Blackmail
Form subdivision Fiction
General subdivision Crime fiction
942 ## - ADDED ENTRY ELEMENTS (KOHA)
Source of classification or shelving scheme Dewey Decimal Classification
Koha item type Books
Suppress in OPAC No
Holdings
Withdrawn status Lost status Source of classification or shelving scheme Damaged status Not for loan Collection Home library Current library Shelving location Date acquired Total Checkouts Full call number Barcode Date last seen Copy number Price effective from Koha item type
    Dewey Decimal Classification     Fiction Footprints International School Library Network Toul Kork Campus Footprints International School Library Network Toul Kork Campus A TK Campus, 4th Floor, Room B401, Fiction Bookcases (1-6) 10/20/2025   GRI 813.54 PS3557.R5355 A88 2025-4658 10/20/2025 1 10/20/2025 Books